Radio-electronics

Detalles Bibliográficos
Nuevo Título:Electronics now
Título anterior:Radio-craft, radio-electronics
Formato: Electrónico Revista
Lenguaje:inglés
Publicado: New York, Gernsback Publications.
Materias:
Acceso en línea:Full text available from Research Library: 01/01/1988 to 06/30/1992

MARC

LEADER 00000nas a2200000 4500
001 ssj0002241
003 WaSeSS
005 20200512172242.0
006 m d
007 cr n
008 790413d19481992nyumr p s 0 a0eng c
010 |a  52017576   |z sn 79000397  
016 7 |a 013383922  |2 DE-101 
016 7 |a 593151-4  |2 DE-600 
016 7 |a R00745500  |2 DNLM 
022 |l 0033-7862  |y 0033-7862 
030 |a RAECAB 
035 |a (WaSeSS)ssj0002241 
040 |a NSD  |b eng  |c NSD  |d NYG  |d PIT  |d RCS  |d AIP  |d NSD  |d AIP  |d NSD  |d AIP  |d NSD  |d NST  |d IUL  |d NSD  |d NST  |d NYG  |d NST  |d OCL  |d NYG  |d NST  |d NSD  |d DLC  |d EYM  |d NSD  |d DLC  |d OCL  |d OCLCQ  |d HEBIS  |d DEBBG  |d GBVCP  |d OCLCF  |d OCLCO  |d I8M  |d OCLCO  |d OCLCQ  |d CSJ  |d OCLCO  |d OKS  |d OCLCO  |d OCLCQ  |d OCLCO  |d CSA  |d CCH  |d OCLCO  |d CNO  |d OCLCO  |d OCLCQ  |d CTB  |d TAW  |d FQG  |d JDP  |d OCLCO  |d CPO  |d OCLCO  |d OCLCA  |d WaSeSS 
042 |a nsdp  |a pcc  |a premarc 
050 0 0 |a TK6540  |b .R34 
082 0 4 |a 621.384  |b qR12e 
210 0 |a Radio-electron. 
222 0 |a Radio-electronics 
245 0 0 |a Radio-electronics  |h [electronic resource]. 
260 |a New York,  |b Gernsback Publications. 
310 |a Monthly 
362 0 |a v. 20-v. 63, no. 6; Oct. 1948-June 1992. 
506 |a License restrictions may limit access. 
580 |a Tear out section ComputerDigest included in issues May 1984- 
650 0 |a Radio  |v Periodicals. 
650 0 |a Electronics  |v Periodicals. 
650 7 |a Electronics.  |2 fast  |0 (OCoLC)fst00907538 
650 7 |a Radio.  |2 fast  |0 (OCoLC)fst01087053 
650 7 |a Unterhaltungselektronik  |2 gnd 
650 7 |a Zeitschrift  |2 gnd 
655 0 |a Electronic journals. 
730 0 |a Radio-electronics annual. 
777 0 |t ComputerDigest  |x 0743-149X  |w (DLC)sn 84005185  |w (OCoLC)10528757 
780 0 0 |t Radio-craft, radio-electronics  |x 1067-9286  |w (DLC)sf 98086896  |w (OCoLC)8138823 
785 0 0 |t Electronics now  |x 1067-9294  |w (DLC) 93641472  |w (OCoLC)25968771 
787 1 |t Radio-electronics annual  |x 0743-443X  |w (DLC)sn 84008144  |w (OCoLC)10577650 
850 |a CaNSTT  |a DGW  |a DLC  |a ICRL  |a InLP  |a InU  |a MiU  |a N  |a NNC  |a NcD  |a NcRS  |a OCU  |a PPD  |a UU  |a ViU 
856 4 0 |z Full text available from Research Library: 01/01/1988 to 06/30/1992  |u https://search.proquest.com/publication/25035